[Event "Cracovia Chess Festival A 2021"]
[Site "Cracow"]
[Date "2022.01.04"]
[Round "9.29"]
[White "Chyzy, Jakub"]
[Black "Mika, Tomasz"]
[Result "0-1"]
[WhiteElo "2260"]
[BlackElo "2183"]
[Annotator "ChessBase"]
[PlyCount "112"]
[EventDate "2021.12.27"]
[EventCountry "POL"]
[SourceTitle "playchess.com"]
[Source "ChessBase"]
[SourceQuality "1"]
[TimeControl "40/5400+30:1800+30"]

1. e4 {[%emt 0:00:01]} c6 {[%emt 0:00:07]} 2. d4 {[%emt 0:00:03]} d5 {[%emt 0:00:08]} 3. Nc3 {[%emt 0:00:04]} dxe4 {[%emt 0:00:09]} 4. Nxe4 {[%emt 0:00:04]} Bf5 {[%emt 0:00:09]} 5. Ng3 {[%emt 0:00:09]} Bg6 {[%emt 0:00:06]} 6. h4 {[%emt 0:00:07]} h6 {[%emt 0:00:04]} 7. f4 {[%emt 0:00:05]} e6 {[%emt 0:02:26]} 8. Nf3 {[%emt 0:00:08]} Nd7 {[%emt 0:03:46]} 9. h5 {[%emt 0:00:10]} Bh7 {[%emt 0:01:44]} 10. Bd3 {[%emt 0:00:01]} Bxd3 {[%emt 0:01:05]} 11. Qxd3 {[%emt 0:00:02]} Ne7 {[%emt 0:03:00]} 12. Bd2 {[%emt 0:01:37]} Qc7 {[%emt 0:02:51]} 13. O-O-O {[%emt 0:00:50]} O-O-O {[%emt 0:00:56]} 14. Qe2 {[%emt 0:07:11]} Nf6 {[%emt 0:06:34]} 15. Ne5 {[%emt 0:05:05]} Nf5 {[%emt 0:01:57]} 16. Nxf5 {[%emt 0:01:20]} exf5 {[%emt 0:00:02]} 17. Qd3 {[%emt 0:10:52]} Ne4 {[%emt 0:00:41]} 18. Qh3 {[%emt 0:00:55]} Nd6 {[%emt 0:18:43]} 19. Bb4 {[%emt 0:04:29]} Nb5 {[%emt 0:00:02]} 20. Qxf5+ {[%emt 0:01:40]} Kb8 {[%emt 0:00:09]} 21. Bxf8 {[%emt 0:12:23]} Rhxf8 {[%emt 0:00:02]} 22. c3 {[%emt 0:01:00]} Rd5 {[%emt 0:08:56]} 23. Qh3 {[%emt 0:20:10]} f6 {[%emt 0:05:04]} 24. Nd3 {[%emt 0:06:48]} Qa5 {[%emt 0:03:47]} 25. Kb1 {[%emt 0:05:43]} Rfd8 {[%emt 0:04:10]} 26. c4 {[%emt 0:03:52]} Rxd4 {[%emt 0:06:19]} 27. cxb5 {[%emt 0:00:11]} Qxb5 {[%emt 0:00:21]} 28. Nf2 {[%emt 0:00:24]} Rd2 {[%emt 0:02:56]} 29. Qc3 {[%emt 0:11:22]} Qe2 {[%emt 0:05:55]} 30. Kc1 {[%emt 0:01:32]} Rxd1+ {[%emt 0:01:49]} 31. Rxd1 {[%emt 0:00:10]} Rxd1+ {[%emt 0:00:21]} 32. Nxd1 {[%emt 0:00:01]} Qxh5 {[%emt 0:01:50]} 33. Qd4 {[%emt 0:01:36]} a6 {[%emt 0:02:14]} 34. Nc3 {[%emt 0:00:36]} Qh1+ {[%emt 0:00:32]} 35. Kc2 {[%emt 0:00:32]} Qxg2+ {[%emt 0:00:11]} 36. Kb3 {[%emt 0:00:02]} Qg4 {[%emt 0:04:00]} 37. a4 {[%emt 0:04:25]} h5 {[%emt 0:05:19]} 38. a5 {[%emt 0:00:34]} Qe6+ {[%emt 0:01:16]} 39. Ka3 {[%emt 0:01:20]} Kc7 {[%emt 0:02:29]} 40. Ne4 {[%emt 0:00:00]} h4 {[%emt 0:00:00]} 41. Qb4 {[%emt 0:08:07]} h3 {[%emt 0:23:04]} 42. Nc5 {[%emt 0:00:23]} Qe3+ {[%emt 0:01:41]} 43. Ka4 {[%emt 0:01:12]} Kd6 {[%emt 0:02:28]} 44. Nxb7+ {[%emt 0:18:19]} Ke6 {[%emt 0:00:51]} 45. Qf8 {[%emt 0:06:51]} Qxf4+ {[%emt 0:00:51]} 46. b4 {[%emt 0:00:16]} h2 {[%emt 0:01:47]} 47. Qc8+ {[%emt 0:00:41]} Kf7 {[%emt 0:01:17]} 48. Nd8+ {[%emt 0:00:27]} Kg6 {[%emt 0:01:06]} 49. Ne6 {[%emt 0:00:31]} Qe5 {[%emt 0:02:31]} 50. Qe8+ {[%emt 0:00:31]} Kf5 {[%emt 0:01:05]} 51. Nxg7+ {[%emt 0:00:13]} Kf4 {[%emt 0:01:00]} 52. Ne6+ {[%emt 0:00:22]} Ke3 {[%emt 0:00:26]} 53. Qxc6 {[%emt 0:00:24]} Qb5+ {[%emt 0:00:47]} 54. Qxb5 {[%emt 0:00:06]} axb5+ {[%emt 0:00:04]} 55. Kxb5 {[%emt 0:00:04]} h1=Q {[%emt 0:00:07]} 56. Kb6 {[%emt 0:00:53]} Qe4 {[%emt 0:01:05]} 0-1

[Event "Cracovia Chess Festival A 2021"]
[Site "Cracow"]
[Date "2022.01.04"]
[Round "9.30"]
[White "Piekielny, Pawel"]
[Black "Svendsen, Bertil"]
[Result "1-0"]
[WhiteElo "2104"]
[BlackElo "2251"]
[Annotator "ChessBase"]
[PlyCount "43"]
[EventDate "2021.12.27"]
[EventCountry "POL"]
[SourceTitle "playchess.com"]
[Source "ChessBase"]
[SourceQuality "1"]
[TimeControl "40/5400+30:1800+30"]

1. e4 {[%emt 0:00:02]} c5 {[%emt 0:00:11]} 2. Nf3 {[%emt 0:00:04]} d6 {[%emt 0:00:06]} 3. d4 {[%emt 0:00:05]} cxd4 {[%emt 0:00:06]} 4. Nxd4 {[%emt 0:00:05]} Nf6 {[%emt 0:00:09]} 5. Nc3 {[%emt 0:00:04]} g6 {[%emt 0:00:09]} 6. Be3 {[%emt 0:00:04]} Bg7 {[%emt 0:00:06]} 7. f3 {[%emt 0:00:05]} O-O {[%emt 0:00:12]} 8. Qd2 {[%emt 0:00:03]} Nc6 {[%emt 0:00:12]} 9. g4 {[%emt 0:00:04]} Be6 {[%emt 0:00:13]} 10. Nxe6 {[%emt 0:00:18]} fxe6 {[%emt 0:00:09]} 11. O-O-O {[%emt 0:00:20]} Ne5 {[%emt 0:01:59]} 12. Be2 {[%emt 0:00:06]} Qc8 {[%emt 0:01:34]} 13. h4 {[%emt 0:00:07]} Nfd7 {[%emt 0:00:20]} 14. h5 {[%emt 0:00:08]} Nc4 {[%emt 0:01:02]} 15. Bxc4 {[%emt 0:00:05]} Qxc4 {[%emt 0:00:07]} 16. hxg6 {[%emt 0:00:05]} hxg6 {[%emt 0:00:11]} 17. f4 {[%emt 0:00:04]} Rfd8 {[%emt 0:37:44]} 18. f5 {[%emt 0:17:23]} Kf7 {[%emt 0:14:12]} 19. fxg6+ {[%emt 0:10:05]} Kxg6 {[%emt 0:02:05]} 20. Bh6 {[%emt 0:02:45]} Bf6 {[%emt 0:04:34]} 21. Qh2 {[%emt 0:00:28]} Qc5 {[%emt 0:02:29]} 22. Rd5 1-0

[Event "Cracovia Chess Festival A 2021"]
[Site "Cracow"]
[Date "2022.01.04"]
[Round "9.31"]
[White "Raczynski, Krzysztof"]
[Black "Braeuning, Rudolf Wilhelm"]
[Result "0-1"]
[WhiteElo "2194"]
[BlackElo "2242"]
[Annotator "ChessBase"]
[PlyCount "94"]
[EventDate "2021.12.27"]
[EventCountry "POL"]
[SourceTitle "playchess.com"]
[Source "ChessBase"]
[SourceQuality "1"]
[TimeControl "40/5400+30:1800+30"]

1. f4 {[%emt 0:00:03]} g6 {[%emt 0:11:07]} 2. Nf3 {[%emt 0:00:05]} Bg7 {[%emt 0:00:32]} 3. g3 d5 {[%emt 0:00:30]} 4. Bg2 {[%emt 0:00:23]} Nh6 {[%emt 0:00:09]} 5. O-O {[%emt 0:00:11]} O-O {[%emt 0:00:04]} 6. e3 {[%emt 0:04:29]} c5 {[%emt 0:00:38]} 7. d3 {[%emt 0:00:42]} Nc6 {[%emt 0:01:12]} 8. c3 {[%emt 0:02:22]} d4 {[%emt 0:29:11]} 9. e4 {[%emt 0:04:35]} b6 {[%emt 0:05:25]} 10. h3 {[%emt 0:03:26]} f5 {[%emt 0:06:22]} 11. e5 {[%emt 0:02:17]} dxc3 {[%emt 0:04:21]} 12. bxc3 {[%emt 0:00:30]} e6 {[%emt 0:11:59]} 13. Na3 {[%emt 0:14:54]} Nf7 {[%emt 0:10:11]} 14. d4 {[%emt 0:05:20]} Ba6 {[%emt 0:01:30]} 15. Re1 {[%emt 0:03:35]} Rc8 {[%emt 0:07:15]} 16. Be3 {[%emt 0:08:51]} cxd4 {[%emt 0:04:58]} 17. Nxd4 {[%emt 0:01:24]} Nxd4 {[%emt 0:01:35]} 18. cxd4 {[%emt 0:00:18]} Qd7 {[%emt 0:01:18]} 19. d5 {[%emt 0:06:26]} Rfd8 {[%emt 0:00:25]} 20. Qb3 {[%emt 0:09:28]} exd5 {[%emt 0:00:30]} 21. Rad1 {[%emt 0:00:35]} Bb7 {[%emt 0:00:37]} 22. Nb5 {[%emt 0:00:44]} Ba8 {[%emt 0:00:36]} 23. Nd4 {[%emt 0:00:48]} Nh6 {[%emt 0:00:47]} 24. Rc1 {[%emt 0:02:43]} Kh8 {[%emt 0:00:04]} 25. Kh2 {[%emt 0:09:18]} Ng8 {[%emt 0:00:02]} 26. Rxc8 {[%emt 0:01:06]} Rxc8 {[%emt 0:00:08]} 27. Bc1 {[%emt 0:00:24]} Ne7 {[%emt 0:00:47]} 28. Ba3 {[%emt 0:00:19]} Nc6 {[%emt 0:00:36]} 29. e6 {[%emt 0:00:54]} Qe8 {[%emt 0:00:49]} 30. Nb5 {[%emt 0:00:49]} Na5 {[%emt 0:00:24]} 31. Qb1 {[%emt 0:07:19]} Nc4 {[%emt 0:00:10]} 32. Nd6 {[%emt 0:03:05]} Nxd6 {[%emt 0:00:18]} 33. Bxd6 {[%emt 0:00:02]} Kg8 {[%emt 0:01:17]} 34. e7 {[%emt 0:01:27]} Kf7 {[%emt 0:01:05]} 35. Qd3 {[%emt 0:01:24]} Qc6 {[%emt 0:00:28]} 36. Be5 {[%emt 0:02:35]} Bxe5 {[%emt 0:00:31]} 37. Rxe5 {[%emt 0:00:02]} Ke8 {[%emt 0:00:10]} 38. Rxd5 {[%emt 0:01:17]} Qc7 {[%emt 0:00:34]} 39. Qb5+ {[%emt 0:04:08]} Kxe7 {[%emt 0:00:16]} 40. Re5+ {[%emt 0:00:00]} Kf6 {[%emt 0:00:00]} 41. Bxa8 {[%emt 0:06:27]} Rxa8 {[%emt 0:01:59]} 42. Qd5 {[%emt 0:00:50]} Rf8 {[%emt 0:10:13]} 43. Qd4 {[%emt 0:03:32]} Kf7 {[%emt 0:02:17]} 44. Rd5 {[%emt 0:01:02]} Qc2+ {[%emt 0:01:43]} 45. Kg1 {[%emt 0:01:01]} Rc8 {[%emt 0:01:12]} 46. Qd2 {[%emt 0:05:57]} Qb1+ {[%emt 0:01:23]} 47. Kf2 {[%emt 0:01:57]} Rc2 {[%emt 0:00:23]} 0-1

[Event "Cracovia Chess Festival A 2021"]
[Site "Cracow"]
[Date "2022.01.04"]
[Round "9.32"]
[White "Dzwierzynski, Bartosz"]
[Black "Konyves, Almos"]
[Result "1-0"]
[WhiteElo "2100"]
[BlackElo "2250"]
[Annotator "ChessBase"]
[PlyCount "193"]
[EventDate "2021.12.27"]
[EventCountry "POL"]
[SourceTitle "playchess.com"]
[Source "ChessBase"]
[SourceQuality "1"]
[TimeControl "40/5400+30:1800+30"]

1. d4 {[%emt 0:00:02]} Nf6 {[%emt 0:00:10]} 2. c4 {[%emt 0:00:06]} e6 {[%emt 0:00:06]} 3. Nc3 {[%emt 0:00:03]} Bb4 {[%emt 0:00:17]} 4. f3 {[%emt 0:00:05]} c5 {[%emt 0:00:14]} 5. d5 {[%emt 0:00:04]} d6 {[%emt 0:00:11]} 6. e4 {[%emt 0:00:12]} b5 {[%emt 0:00:52]} 7. Bd2 {[%emt 0:13:16]} a6 {[%emt 0:02:44]} 8. Bd3 {[%emt 0:01:48]} O-O {[%emt 0:07:51]} 9. Nge2 {[%emt 0:00:49]} exd5 {[%emt 0:09:16]} 10. cxd5 {[%emt 0:07:23]} c4 {[%emt 0:03:15]} 11. Bc2 {[%emt 0:00:04]} Bc5 {[%emt 0:11:04]} 12. Qc1 {[%emt 0:15:11]} Qb6 {[%emt 0:08:53]} 13. Nd1 {[%emt 0:07:48]} Nbd7 {[%emt 0:00:22]} 14. Be3 {[%emt 0:02:19]} Re8 {[%emt 0:00:13]} 15. Bxc5 {[%emt 0:01:10]} Nxc5 {[%emt 0:00:24]} 16. Qd2 {[%emt 0:01:34]} Bb7 {[%emt 0:01:30]} 17. Nf2 {[%emt 0:02:22]} a5 {[%emt 0:11:14]} 18. O-O {[%emt 0:01:46]} Ba6 {[%emt 0:02:42]} 19. Nd4 {[%emt 0:03:42]} Nfd7 {[%emt 0:15:12]} 20. Kh1 {[%emt 0:04:28]} b4 {[%emt 0:07:38]} 21. Rfd1 {[%emt 0:05:53]} Nd3 {[%emt 0:02:12]} 22. Bxd3 {[%emt 0:01:55]} Qxd4 {[%emt 0:00:16]} 23. Bf1 {[%emt 0:00:06]} Qxd2 {[%emt 0:02:31]} 24. Rxd2 {[%emt 0:00:05]} Ne5 {[%emt 0:01:53]} 25. Rc2 {[%emt 0:02:22]} Rec8 {[%emt 0:07:07]} 26. Kg1 {[%emt 0:01:05]} Rc5 {[%emt 0:00:36]} 27. a3 {[%emt 0:04:48]} Rb8 {[%emt 0:02:04]} 28. axb4 {[%emt 0:08:04]} Rxb4 {[%emt 0:00:06]} 29. Nd1 {[%emt 0:00:31]} Rb3 {[%emt 0:01:46]} 30. Kf2 {[%emt 0:01:01]} Kf8 {[%emt 0:00:25]} 31. h3 {[%emt 0:01:25]} g5 {[%emt 0:01:03]} 32. Rac1 {[%emt 0:01:35]} Ke7 {[%emt 0:01:18]} 33. Ne3 {[%emt 0:01:50]} Kd7 {[%emt 0:00:36]} 34. Nxc4 {[%emt 0:05:14]} Bxc4 {[%emt 0:00:16]} 35. Bxc4 {[%emt 0:00:05]} Nxc4 {[%emt 0:00:20]} 36. Rxc4 {[%emt 0:00:06]} Rxb2+ {[%emt 0:00:03]} 37. Kg3 {[%emt 0:00:07]} Rxc4 {[%emt 0:00:14]} 38. Rxc4 {[%emt 0:00:05]} Ra2 {[%emt 0:00:07]} 39. Rc6 {[%emt 0:00:22]} a4 {[%emt 0:00:13]} 40. Ra6 {[%emt 0:00:00]} a3 {[%emt 0:00:00]} 41. Ra7+ {[%emt 0:00:10]} Ke8 {[%emt 0:00:22]} 42. h4 {[%emt 0:03:46]} gxh4+ {[%emt 0:10:28]} 43. Kxh4 {[%emt 0:00:09]} Rxg2 {[%emt 0:00:21]} 44. Rxa3 {[%emt 0:00:06]} Ke7 {[%emt 0:00:07]} 45. Kh3 {[%emt 0:01:25]} Rg1 {[%emt 0:04:13]} 46. Ra7+ {[%emt 0:00:42]} Ke8 {[%emt 0:01:38]} 47. Kh4 {[%emt 0:01:27]} Rg2 {[%emt 0:02:40]} 48. Kh5 {[%emt 0:03:30]} Rg3 {[%emt 0:02:26]} 49. f4 {[%emt 0:00:12]} Kf8 {[%emt 0:07:30]} 50. Kh4 {[%emt 0:10:43]} Rg1 {[%emt 0:01:27]} 51. Rd7 {[%emt 0:05:42]} Re1 {[%emt 0:00:31]} 52. Kg5 {[%emt 0:00:55]} Rxe4 {[%emt 0:03:08]} 53. f5 {[%emt 0:02:00]} Ke8 {[%emt 0:01:54]} 54. Rxd6 {[%emt 0:00:21]} Rd4 {[%emt 0:00:56]} 55. f6 {[%emt 0:02:05]} Rd1 {[%emt 0:01:12]} 56. Kh6 {[%emt 0:00:05]} Rh1+ {[%emt 0:00:48]} 57. Kg7 {[%emt 0:00:06]} Rg1+ {[%emt 0:00:11]} 58. Kxh7 {[%emt 0:00:04]} Rh1+ {[%emt 0:00:27]} 59. Kg7 {[%emt 0:00:09]} Rh5 {[%emt 0:01:08]} 60. Re6+ {[%emt 0:01:22]} fxe6 {[%emt 0:00:18]} 61. f7+ {[%emt 0:00:05]} Kd7 {[%emt 0:00:10]} 62. dxe6+ {[%emt 0:00:52]} Kxe6 {[%emt 0:00:04]} 63. f8=Q Re5 {[%emt 0:00:05]} 64. Qf7+ {[%emt 0:00:54]} Kd6 {[%emt 0:00:05]} 65. Kf6 {[%emt 0:00:36]} Rd5 {[%emt 0:00:16]} 66. Qe7+ {[%emt 0:00:10]} Kc6 {[%emt 0:00:04]} 67. Ke6 {[%emt 0:00:05]} Rc5 {[%emt 0:00:10]} 68. Qd7+ {[%emt 0:00:11]} Kb6 {[%emt 0:00:13]} 69. Kd6 {[%emt 0:00:14]} Rb5 {[%emt 0:00:15]} 70. Qd8+ {[%emt 0:00:12]} Kb7 {[%emt 0:00:12]} 71. Qc7+ {[%emt 0:01:09]} Ka6 {[%emt 0:00:20]} 72. Qc4 {[%emt 0:03:50]} Ka5 {[%emt 0:00:30]} 73. Qc3+ {[%emt 0:01:57]} Kb6 {[%emt 0:00:10]} 74. Qa3 {[%emt 0:00:46]} Kb7 {[%emt 0:00:30]} 75. Qa2 {[%emt 0:00:47]} Rb6+ {[%emt 0:00:18]} 76. Kd7 {[%emt 0:00:25]} Rb5 {[%emt 0:00:26]} 77. Qa4 {[%emt 0:00:20]} Rb6 {[%emt 0:00:46]} 78. Qa5 {[%emt 0:00:36]} Rb1 {[%emt 0:00:33]} 79. Qa2 {[%emt 0:04:04]} Rb6 {[%emt 0:00:08]} 80. Qa4 {[%emt 0:00:43]} Kb8 {[%emt 0:00:17]} 81. Qa3 {[%emt 0:02:03]} Kb7 {[%emt 0:00:11]} 82. Qa5 {[%emt 0:00:04]} Rb1 {[%emt 0:00:19]} 83. Qd5+ {[%emt 0:00:46]} Kb8 {[%emt 0:00:49]} 84. Qe5+ {[%emt 0:02:03]} Ka7 {[%emt 0:00:11]} 85. Qe3+ {[%emt 0:00:36]} Kb8 {[%emt 0:00:21]} 86. Qf4+ {[%emt 0:00:41]} Ka7 {[%emt 0:00:17]} 87. Qa4+ {[%emt 0:02:45]} Kb8 {[%emt 0:00:08]} 88. Kd8 {[%emt 0:00:44]} Rb6 {[%emt 0:02:02]} 89. Qf4+ {[%emt 0:00:51]} Kb7 {[%emt 0:00:25]} 90. Qc7+ {[%emt 0:00:24]} Ka6 91. Qc3 {[%emt 0:00:36]} Kb7 {[%emt 0:01:44]} 92. Qc8+ {[%emt 0:00:15]} Ka7 {[%emt 0:00:06]} 93. Qd7+ {[%emt 0:00:13]} Kb8 {[%emt 0:00:45]} 94. Qc7+ {[%emt 0:00:38]} Ka8 {[%emt 0:00:03]} 95. Kc8 {[%emt 0:00:11]} Rb5 {[%emt 0:00:07]} 96. Qc6+ {[%emt 0:00:08]} Ka7 {[%emt 0:00:05]} 97. Qxb5 {[%emt 0:00:06]} 1-0

[Event "Cracovia Chess Festival A 2021"]
[Site "Cracow"]
[Date "2022.01.04"]
[Round "9.33"]
[White "Luba, Lukasz"]
[Black "Lisowski, Krzysztof"]
[Result "1-0"]
[WhiteElo "2135"]
[BlackElo "2142"]
[Annotator "ChessBase"]
[PlyCount "109"]
[EventDate "2021.12.27"]
[EventCountry "POL"]
[SourceTitle "playchess.com"]
[Source "ChessBase"]
[SourceQuality "1"]
[TimeControl "40/5400+30:1800+30"]

1. Nf3 {[%emt 0:00:09]} d5 {[%emt 0:00:24]} 2. d4 {[%emt 0:00:09]} Nf6 {[%emt 0:00:11]} 3. g3 {[%emt 0:00:16]} g6 {[%emt 0:01:11]} 4. Bg2 {[%emt 0:00:09]} Bg7 {[%emt 0:00:04]} 5. O-O {[%emt 0:00:09]} O-O {[%emt 0:01:07]} 6. c4 {[%emt 0:01:19]} c6 {[%emt 0:00:05]} 7. cxd5 {[%emt 0:00:05]} cxd5 {[%emt 0:00:12]} 8. Nc3 {[%emt 0:00:06]} Nc6 {[%emt 0:01:13]} 9. Ne5 {[%emt 0:07:31]} e6 {[%emt 0:05:56]} 10. Nxc6 {[%emt 0:11:21]} bxc6 {[%emt 0:00:04]} 11. Bg5 {[%emt 0:00:08]} Qb6 {[%emt 0:27:27]} 12. Qd2 {[%emt 0:13:18]} Re8 {[%emt 0:08:40]} 13. Rac1 {[%emt 0:12:36]} e5 {[%emt 0:06:36]} 14. dxe5 {[%emt 0:07:05]} Ng4 {[%emt 0:01:12]} 15. Bxd5 {[%emt 0:02:08]} cxd5 {[%emt 0:12:43]} 16. Nxd5 {[%emt 0:00:07]} Qb7 {[%emt 0:01:49]} 17. Rc7 {[%emt 0:07:07]} Qb5 {[%emt 0:02:44]} 18. Rfc1 {[%emt 0:06:16]} Ba6 {[%emt 0:20:28]} 19. R7c5 {[%emt 0:02:39]} Qxe2 {[%emt 0:01:20]} 20. Qxe2 {[%emt 0:01:46]} Bxe2 {[%emt 0:00:05]} 21. Nc7 {[%emt 0:00:04]} Nxe5 {[%emt 0:01:32]} 22. Nxe8 {[%emt 0:05:28]} Rxe8 {[%emt 0:00:18]} 23. Rc8 {[%emt 0:01:20]} Kf8 {[%emt 0:00:29]} 24. Be3 {[%emt 0:04:32]} Nd3 {[%emt 0:04:35]} 25. Bxa7 {[%emt 0:02:12]} Bxb2 {[%emt 0:01:36]} 26. Rxe8+ {[%emt 0:01:09]} Kxe8 {[%emt 0:00:03]} 27. Rc2 {[%emt 0:00:13]} Bg4 {[%emt 0:01:07]} 28. Rd2 {[%emt 0:00:36]} Bf5 {[%emt 0:00:29]} 29. g4 {[%emt 0:00:29]} Bxg4 {[%emt 0:00:46]} 30. Rxd3 {[%emt 0:00:17]} Bd7 {[%emt 0:00:22]} 31. Bd4 {[%emt 0:00:15]} Bc1 {[%emt 0:00:16]} 32. Bf6 {[%emt 0:00:05]} Bf4 {[%emt 0:00:47]} 33. Ra3 {[%emt 0:08:50]} Bc6 {[%emt 0:00:29]} 34. Ra7 {[%emt 0:00:07]} Bd6 {[%emt 0:00:23]} 35. Kf1 {[%emt 0:01:03]} Bc5 {[%emt 0:00:42]} 36. Rc7 {[%emt 0:02:39]} Bb5+ {[%emt 0:00:04]} 37. Kg2 {[%emt 0:01:03]} Bd6 {[%emt 0:00:09]} 38. Ra7 {[%emt 0:00:18]} Bc5 {[%emt 0:00:57]} 39. Ra5 {[%emt 0:00:13]} Bc6+ {[%emt 0:00:07]} 40. f3 {[%emt 0:00:00]} Bd6 {[%emt 0:00:00]} 41. Ra7 {[%emt 0:00:22]} h5 {[%emt 0:08:05]} 42. a4 {[%emt 0:04:53]} Bd5 {[%emt 0:03:30]} 43. a5 {[%emt 0:01:08]} Bc6 {[%emt 0:01:57]} 44. Bh4 {[%emt 0:02:07]} Bd5 {[%emt 0:02:35]} 45. a6 {[%emt 0:02:13]} Bc5 {[%emt 0:07:25]} 46. Rc7 {[%emt 0:00:22]} Bb6 {[%emt 0:00:38]} 47. Rc1 {[%emt 0:01:53]} Kd7 {[%emt 0:01:21]} 48. Bf2 {[%emt 0:00:08]} Bxf2 {[%emt 0:02:21]} 49. Kxf2 {[%emt 0:00:07]} Ba8 {[%emt 0:00:22]} 50. Ke3 {[%emt 0:01:32]} g5 {[%emt 0:01:36]} 51. Rc3 {[%emt 0:03:14]} f5 {[%emt 0:02:15]} 52. Rc5 {[%emt 0:02:01]} f4+ {[%emt 0:00:56]} 53. Kf2 {[%emt 0:00:05]} g4 {[%emt 0:00:34]} 54. Rxh5 {[%emt 0:00:06]} Bxf3 {[%emt 0:00:49]} 55. Rh8 {[%emt 0:00:10]} 1-0

[Event "Cracovia Chess Festival A 2021"]
[Site "Cracow"]
[Date "2022.01.04"]
[Round "9.34"]
[White "Sernecki, Franciszek"]
[Black "Kolasinski, Krzysztof"]
[Result "1-0"]
[WhiteElo "2220"]
[BlackElo "2114"]
[Annotator "ChessBase"]
[PlyCount "61"]
[EventDate "2021.12.27"]
[EventCountry "POL"]
[SourceTitle "playchess.com"]
[Source "ChessBase"]
[SourceQuality "1"]
[TimeControl "40/5400+30:1800+30"]

1. d4 {[%emt 0:09:35]} Nf6 {[%emt 0:03:04]} 2. c4 {[%emt 0:00:04]} e6 {[%emt 0:00:28]} 3. Nf3 {[%emt 0:00:05]} c5 {[%emt 0:00:18]} 4. d5 {[%emt 0:00:07]} b5 {[%emt 0:00:14]} 5. dxe6 {[%emt 0:00:13]} fxe6 {[%emt 0:00:05]} 6. cxb5 {[%emt 0:00:03]} d5 {[%emt 0:00:07]} 7. g3 {[%emt 0:01:04]} Bd6 {[%emt 0:01:29]} 8. Bg2 {[%emt 0:03:09]} O-O {[%emt 0:00:17]} 9. O-O {[%emt 0:00:22]} Bb7 {[%emt 0:01:25]} 10. Nbd2 {[%emt 0:10:27]} Qe7 {[%emt 0:08:35]} 11. e4 {[%emt 0:06:55]} Nbd7 {[%emt 0:07:33]} 12. Re1 {[%emt 0:06:34]} dxe4 {[%emt 0:08:45]} 13. Ng5 {[%emt 0:02:05]} Be5 {[%emt 0:12:38]} 14. Ndxe4 {[%emt 0:11:27]} Nxe4 {[%emt 0:12:10]} 15. Nxe4 {[%emt 0:03:57]} Bd4 {[%emt 0:05:54]} 16. Be3 {[%emt 0:01:23]} Bxb2 {[%emt 0:11:52]} 17. Rb1 {[%emt 0:01:13]} Be5 {[%emt 0:00:37]} 18. Qc2 {[%emt 0:03:25]} Rac8 {[%emt 0:03:46]} 19. Ng5 {[%emt 0:06:59]} Nf6 {[%emt 0:00:26]} 20. Bxb7 {[%emt 0:00:47]} Qxb7 {[%emt 0:00:03]} 21. Nxe6 {[%emt 0:00:11]} Rf7 {[%emt 0:01:14]} 22. Nxc5 {[%emt 0:07:44]} Qf3 {[%emt 0:05:32]} 23. Qe2 {[%emt 0:06:16]} Qf5 {[%emt 0:00:17]} 24. Rbc1 {[%emt 0:05:33]} Ng4 {[%emt 0:03:31]} 25. Ne4 {[%emt 0:01:13]} Re8 {[%emt 0:03:25]} 26. Ng5 {[%emt 0:02:16]} Rf6 {[%emt 0:03:52]} 27. Rc4 {[%emt 0:05:17]} h5 {[%emt 0:02:10]} 28. h3 {[%emt 0:01:54]} Nxe3 {[%emt 0:02:36]} 29. Qxe3 {[%emt 0:00:14]} Ref8 {[%emt 0:01:08]} 30. Rc5 {[%emt 0:01:37]} Bd4 {[%emt 0:01:27]} 31. Qb3+ {[%emt 0:01:04]} 1-0

[Event "Cracovia Chess Festival A 2021"]
[Site "Cracow"]
[Date "2022.01.04"]
[Round "9.35"]
[White "Klepek, Witold"]
[Black "Gombocz, Ferenc Jr."]
[Result "1-0"]
[WhiteElo "2148"]
[BlackElo "2236"]
[Annotator "ChessBase"]
[PlyCount "119"]
[EventDate "2021.12.27"]
[EventCountry "POL"]
[SourceTitle "playchess.com"]
[Source "ChessBase"]
[SourceQuality "1"]
[TimeControl "40/5400+30:1800+30"]

1. e4 {[%emt 0:06:16]} e5 {[%emt 0:00:06]} 2. Nf3 {[%emt 0:00:09]} Nc6 {[%emt 0:00:04]} 3. d4 {[%emt 0:00:09]} exd4 {[%emt 0:00:29]} 4. Nxd4 {[%emt 0:00:04]} Bc5 {[%emt 0:00:17]} 5. Be3 {[%emt 0:00:05]} Qf6 {[%emt 0:01:17]} 6. c3 {[%emt 0:00:04]} Nge7 {[%emt 0:05:49]} 7. g3 {[%emt 0:00:05]} Bxd4 {[%emt 0:06:59]} 8. cxd4 {[%emt 0:00:08]} d5 {[%emt 0:00:09]} 9. Nc3 {[%emt 0:01:05]} dxe4 {[%emt 0:01:36]} 10. Bg2 {[%emt 0:00:49]} O-O {[%emt 0:02:06]} 11. O-O {[%emt 0:02:45]} Rd8 {[%emt 0:18:54]} 12. Nxe4 {[%emt 0:14:03]} Qg6 {[%emt 0:00:31]} 13. Qb3 {[%emt 0:06:55]} Be6 {[%emt 0:13:10]} 14. Qxb7 {[%emt 0:11:16]} Bc4 {[%emt 0:00:51]} 15. Rfc1 {[%emt 0:00:35]} Rab8 {[%emt 0:00:09]} 16. Qxc7 {[%emt 0:00:09]} Nd5 {[%emt 0:00:07]} 17. Qxd8+ {[%emt 0:00:52]} Rxd8 {[%emt 0:00:39]} 18. Rxc4 {[%emt 0:00:08]} Nxe3 {[%emt 0:04:47]} 19. fxe3 {[%emt 0:00:33]} Ne7 {[%emt 0:00:27]} 20. Re1 {[%emt 0:08:10]} h6 {[%emt 0:15:31]} 21. Nc3 {[%emt 0:03:16]} Qb6 {[%emt 0:09:01]} 22. b3 {[%emt 0:01:03]} Nf5 {[%emt 0:03:13]} 23. Kf2 {[%emt 0:07:05]} Qf6 {[%emt 0:03:32]} 24. Nd5 {[%emt 0:04:03]} Rxd5 {[%emt 0:01:21]} 25. Bxd5 {[%emt 0:00:11]} Nxe3+ {[%emt 0:03:35]} 26. Kxe3 {[%emt 0:01:52]} Qg5+ {[%emt 0:00:09]} 27. Kd3 {[%emt 0:02:20]} Qxd5 {[%emt 0:00:12]} 28. Rd1 {[%emt 0:03:30]} g5 {[%emt 0:04:20]} 29. Rc5 {[%emt 0:00:51]} Qg2 {[%emt 0:00:47]} 30. Rd2 {[%emt 0:00:15]} Qf1+ {[%emt 0:00:06]} 31. Kc2 {[%emt 0:00:36]} Qa6 {[%emt 0:00:23]} 32. Kb2 {[%emt 0:00:13]} Qd6 {[%emt 0:00:15]} 33. Rc8+ {[%emt 0:00:44]} Kg7 {[%emt 0:00:07]} 34. d5 {[%emt 0:00:07]} Qe5+ {[%emt 0:00:16]} 35. Rc3 {[%emt 0:00:08]} Qd6 {[%emt 0:00:03]} 36. a3 {[%emt 0:00:19]} g4 {[%emt 0:00:57]} 37. Rc6 {[%emt 0:00:25]} Qd7 {[%emt 0:02:20]} 38. Rc4 {[%emt 0:00:08]} Qd6 {[%emt 0:00:39]} 39. Rxg4+ {[%emt 0:00:14]} Kf8 {[%emt 0:00:08]} 40. Rc4 {[%emt 0:00:00]} Ke7 {[%emt 0:00:00]} 41. Rc6 {[%emt 0:02:31]} Qe5+ {[%emt 0:00:38]} 42. Ka2 {[%emt 0:01:27]} a5 {[%emt 0:03:46]} 43. d6+ {[%emt 0:00:24]} Kd7 {[%emt 0:00:10]} 44. Rc7+ {[%emt 0:05:18]} Kd8 {[%emt 0:00:06]} 45. Rcc2 {[%emt 0:00:26]} a4 {[%emt 0:01:21]} 46. d7 {[%emt 0:00:41]} axb3+ {[%emt 0:00:05]} 47. Kxb3 {[%emt 0:00:09]} Qe6+ {[%emt 0:01:30]} 48. Kb2 {[%emt 0:00:13]} Qb6+ {[%emt 0:01:47]} 49. Ka1 {[%emt 0:00:46]} Qf6+ {[%emt 0:00:24]} 50. Kb1 {[%emt 0:00:24]} Qb6+ {[%emt 0:00:12]} 51. Rb2 {[%emt 0:00:13]} Qc7 {[%emt 0:02:08]} 52. Rb5 {[%emt 0:10:43]} f6 {[%emt 0:04:30]} 53. Kb2 {[%emt 0:00:53]} Qa7 {[%emt 0:02:22]} 54. Rb3 {[%emt 0:00:32]} Qc7 {[%emt 0:01:56]} 55. Rc3 {[%emt 0:00:35]} Qe5 {[%emt 0:01:27]} 56. Kb3 {[%emt 0:02:39]} Qe6+ {[%emt 0:01:12]} 57. Rc4 {[%emt 0:00:15]} h5 {[%emt 0:00:18]} 58. h4 {[%emt 0:01:28]} f5 {[%emt 0:04:11]} 59. Kc3 {[%emt 0:00:14]} Qe5+ {[%emt 0:01:44]} 60. Kc2 {[%emt 0:00:08]} 1-0